[Event "BCF-ch Atkins op"]
[Site "Hull"]
[Date "2024.07.27"]
[Round "2"]
[White "Foster, Timothy"]
[Black "Subin, Samvrit"]
[Result "1-0"]
[WhiteElo "1936"]
[BlackElo "1714"]
[PlyCount "65"]
[EventDate "2024.07.26"]
[EventType "swiss"]
[EventRounds "5"]
[EventCountry "ENG"]
[SourceTitle "CBM 221 Extra"]
[Source "ChessBase"]
[SourceDate "2024.09.30"]
[SourceVersion "1"]
[SourceVersionDate "2024.09.30"]
[SourceQuality "1"]

1. Nf3 d5 2. c4 d4 3. b4 g5 4. h3 e5 5. Nxe5 Bg7 6. Nd3 Ne7 7. g3 Bf5 8. Bg2 Bxd3 9. exd3 Nbc6 10. 0-0 0-0 11. Ba3 Ne5 12. Qh5 N7g6 13. f4 gxf4 14. gxf4 Nxd3 15. Be4 Nf2 16. Kxf2 d3 17. Nc3 Qd4+ 18. Kg3 Qxc4 19. Qc5 Qa6 20. b5 Qf6 21. Qg5 Qxg5+ 22. fxg5 Be5+ 23. Kg2 Nh4+ 24. Kh1 Rfe8 25. Bd5 Bxc3 26. dxc3 Re3 27. Rxf7 Kh8 28. Bc5 Rxh3+ 29. Kg1 Rg3+ 30. Kf2 Rg4 31. Bd4+ Rxd4 32. cxd4 Re8 33. Re1 1-0

[Event "BCF-ch U16 rapid"]
[Site "Hull"]
[Date "2024.07.26"]
[Round "1"]
[White "Mathur, Pranav"]
[Black "Subin, Samvrit"]
[Result "1-0"]
[WhiteElo "1888"]
[BlackElo "1637"]
[PlyCount "67"]
[EventDate "2024.07.26"]
[EventType "swiss (rapid)"]
[EventRounds "9"]
[EventCountry "ENG"]
[SourceTitle "CBM 221 Extra"]
[Source "ChessBase"]
[SourceDate "2024.09.30"]
[SourceVersion "1"]
[SourceVersionDate "2024.09.30"]
[SourceQuality "1"]

1. d4 Nf6 2. Nc3 d5 3. Bf4 a6 4. e3 e6 5. g4 c5 6. g5 Nfd7 7. Qg4 Nc6 8. Nf3 cxd4 9. exd4 e5 10. dxe5 Ndxe5 11. Qg3 Nxf3+ 12. Qxf3 Be6 13. 0-0-0 d4 14. Bg2 Bd6 15. Ne4 Be7 16. a3 Rc8 17. Qg3 0-0 18. h4 b5 19. Nd6 b4 20. Nxc8 Qxc8 21. Bd6 b3 22. Rd2 Bxd6 23. Qxd6 Na5 24. Qb4 Nc4 25. Rxd4 Nxb2 26. c3 Na4 27. Kd2 Nc5 28. Bd5 Qc7 29. Bxe6 fxe6 30. f4 Rb8 31. Qc4 b2 32. Kc2 Qc6 33. Rb1 Qg2+ 34. Rd2 1-0

[Event "BCF-ch Atkins op"]
[Site "Hull"]
[Date "2024.07.26"]
[Round "1"]
[White "Subin, Samvrit"]
[Black "Pilley, Jack"]
[Result "1-0"]
[WhiteElo "1714"]
[BlackElo "1885"]
[PlyCount "133"]
[EventDate "2024.07.26"]
[EventType "swiss"]
[EventRounds "5"]
[EventCountry "ENG"]
[SourceTitle "CBM 221 Extra"]
[Source "ChessBase"]
[SourceDate "2024.09.30"]
[SourceVersion "1"]
[SourceVersionDate "2024.09.30"]
[SourceQuality "1"]

1. e4 c6 2. Nf3 d5 3. Nc3 Bg4 4. h3 Bxf3 5. Qxf3 e6 6. d3 Nf6 7. Bd2 Bb4 8. a3 Bd6 9. g4 Nbd7 10. Bg2 Rc8 11. g5 Ng8 12. Qh5 g6 13. Qh4 h5 14. f4 Ne7 15. 0-0-0 b5 16. Rde1 b4 17. exd5 bxc3 18. Bxc3 cxd5 19. Bxh8 Qc7 20. Re2 Nf5 21. Qf2 Bxf4+ 22. Kb1 Ng3 23. Rhe1 Nxe2 24. Rxe2 Bxg5 25. Bxd5 Qc5 26. Qg2 Bf6 27. Bxf6 Nxf6 28. Bxe6 Rb8 29. Qf3 Qd4 30. c3 Qd8 31. Bc4+ Kf8 32. Qe3 Ng8 33. Qxa7 Nh6 34. Rf2 Qe8 35. Qd4 Rb7 36. Qh8+ Ng8 37. Qd4 Rd7 38. Qf6 Rb7 39. Ka2 Re7 40. h4 Rb7 41. Qd6+ Kg7 42. Qd4+ Kf8 43. Qd5 Re7 44. Bb5 Qb8 45. c4 Qg3 46. Qd8+ Kg7 47. Qd4+ Kf8 48. c5 Qc7 49. c6 Re5 50. Qc4 Nh6 51. d4 Re4 52. Qd5 Re7 53. Qg5 Nf5 54. Qf6 Kg8 55. d5 Nd6 56. Bd3 Ne8 57. Qg5 Qd6 58. Bc4 Re4 59. Bb3 Rg4 60. Qe3 Nc7 61. Qf3 f5 62. Re2 Rg3 63. Qf2 Rd3 64. Qa7 Kf7 65. Re6 Qd8 66. d6 Rxb3 67. Qxc7+ 1-0

[Event "ECF Schools-ch"]
[Site "Nottingham"]
[Date "2024.06.28"]
[Round "4.6"]
[White "Puig Souto, Luca"]
[Black "Subin, Samvrit"]
[Result "0-1"]
[WhiteElo "1360"]
[BlackElo "1808"]
[PlyCount "84"]
[EventDate "2024.06.27"]
[EventType "team-swiss"]
[EventRounds "5"]
[EventCountry "ENG"]
[SourceTitle "EXT 2025"]
[Source "ChessBase"]
[SourceDate "2024.10.14"]
[SourceVersion "1"]
[SourceVersionDate "2024.10.14"]
[SourceQuality "1"]
[WhiteTeam "The Latymer School"]
[BlackTeam "Tiffin School"]
[WhiteTeamCountry "ENG"]
[BlackTeamCountry "ENG"]

1. e4 c5 2. Nc3 Nc6 3. Bb5 Nd4 4. Nf3 a6 5. Bd3 g6 6. 0-0 Bg7 7. Nxd4 cxd4 8. Ne2 d5 9. c3 dxe4 10. Bxe4 d3 11. Nf4 e5 12. Qe1 Ne7 13. Nh3 Bxh3 14. gxh3 Qd7 15. Qe3 f5 16. Bxd3 Nd5 17. Qg3 Nf4 18. Bc4 b5 19. Qf3 bxc4 20. Qxa8+ Kf7 21. Qf3 g5 22. d4 e4 23. Qe3 Bf8 24. b3 Nd5 25. Qe1 Bd6 26. bxc4 Nf4 27. Bxf4 Bxf4 28. f3 e3 29. Qe2 h5 30. Rab1 Qc7 31. c5 g4 32. h4 Rg8 33. Kh1 Bxh2 34. Qxh2 g3 35. Qg2 Qf4 36. Rb7+ Ke6 37. Rb6+ Kd7 38. Rfb1 e2 39. Rb7+ Kc6 40. R1b6+ Kd5 41. Qxe2 g2+ 42. Kg1 Qc1+ 0-1

[Event "ECF Schools-ch"]
[Site "Nottingham"]
[Date "2024.06.28"]
[Round "5.6"]
[White "Subin, Samvrit"]
[Black "Li, Yuanxi"]
[Result "1-0"]
[WhiteElo "1808"]
[BlackElo "1601"]
[PlyCount "27"]
[EventDate "2024.06.27"]
[EventType "team-swiss"]
[EventRounds "5"]
[EventCountry "ENG"]
[SourceTitle "EXT 2025"]
[Source "ChessBase"]
[SourceDate "2024.10.14"]
[SourceVersion "1"]
[SourceVersionDate "2024.10.14"]
[SourceQuality "1"]
[WhiteTeam "Tiffin School"]
[BlackTeam "City of London School"]
[WhiteTeamCountry "ENG"]
[BlackTeamCountry "ENG"]

1. e4 c5 2. Nc3 d6 3. f4 g6 4. Nf3 Bg7 5. Bc4 Be6 6. Bxe6 fxe6 7. Ng5 Qd7 8. Qg4 e5 9. Qe6 Nh6 10. 0-0 exf4 11. d3 Bd4+ 12. Kh1 Be3 13. Nd5 Bxc1 14. Nf6+ 1-0

[Event "ECF Schools-ch"]
[Site "Nottingham"]
[Date "2024.06.27"]
[Round "2.5"]
[White "Subin, Samvrit"]
[Black "Kumar, Sanjit S"]
[Result "0-1"]
[WhiteElo "1808"]
[BlackElo "1989"]
[PlyCount "64"]
[EventDate "2024.06.27"]
[EventType "team-swiss"]
[EventRounds "5"]
[EventCountry "ENG"]
[SourceTitle "EXT 2025"]
[Source "ChessBase"]
[SourceDate "2024.10.14"]
[SourceVersion "1"]
[SourceVersionDate "2024.10.14"]
[SourceQuality "1"]
[WhiteTeam "Tiffin School"]
[BlackTeam "King's College School"]
[WhiteTeamCountry "ENG"]
[BlackTeamCountry "ENG"]

1. e4 e6 2. Nf3 d5 3. Nc3 d4 4. Ne2 c5 5. c3 dxc3 6. bxc3 Nc6 7. Ng3 Nf6 8. Be2 g6 9. Ba3 Qa5 10. Qb3 c4 11. Qxc4 Qxa3 12. 0-0 Bg7 13. h4 h5 14. d4 0-0 15. Rab1 Qe7 16. Bd1 Nd7 17. Bc2 Rd8 18. Qd3 Nde5 19. Qe2 Nxf3+ 20. Qxf3 Qxh4 21. Qe3 b6 22. f4 Bb7 23. Rbd1 Ba6 24. Rf3 Bh6 25. Qf2 Bb7 26. f5 exf5 27. exf5 Ne7 28. fxg6 Bxf3 29. gxf7+ Kf8 30. Qxf3 Qg4 31. Qf2 h4 32. Qf6 Bg7 0-1